01400cam a22002177a 4500020001500000020001800015040002600033110006100059245003800120260007700158300003800235500003100273520069500304650002000999650002001019650002601039700002301065700002001088700001701108856005701125 a9251059853 a9789251059852 cNLG FAO 2008 A042 Or.2 aFood and Agriculture Organization of the United Nations.10aForests and energy :bkey issues. aRome :bFood and Agriculture Organization of the United Nations,cc2008. axiv, 56 p. :bill., map ;c30 cm. aForeword by Wulf Killmann. a"This publication consolidates and synthesizes two more comprehensive studies commissioned by FAO in 2007 and published as working papers. They are Forests and energy in developing countries by Ivan Tomaselli and Forests and energy in OECD countries by Warren Mabee and Jack Saddler. ... A draft version of the consolidated paper, prepared by Douglas Kneeland and Andrea Perlis, was distributed at the FAO Conference Special Event: Forests and Energy in November 2007. The present edition, prepared by Jeremy Broadhead and edited by Maria Casa, incorporates comments received from member countries. Miguel Trossero, Simmone Rose, Sebastian Hetsch and Gustavo Best also contributed"--P. vii. 0aForest biomass. 0aBiomass energy. 0aForests and forestry.1 aBroadhead, Jeremy.1 aKillmann, Wulf.1 aCasa, Maria.41uhttp://www.loc.gov/catdir/toc/fy1002/2008437460.html